| 000 | 00348nam a2200145Ia 4500 | ||
|---|---|---|---|
| 008 | 230917s9999||||xx |||||||||||||| ||und|| | ||
| 040 |
_e82801 _aMAIN |
||
| 041 | _aEnglish | ||
| 082 | _a551.05 G561M | ||
| 100 | _aGokhale, N W | ||
| 245 | 0 | _aManual of geological maps | |
| 260 |
_aDelhi _bC B S Publishers _c1987 |
||
| 300 | _a113 p. | ||
| 942 | _cBK | ||
| 999 |
_c57326 _d57326 |
||